Where are These Cities Capitals? - Statistics

General Stats
  • This quiz has been taken 36 times
  • The average score is 17 of 18
Answer Stats
Hint Answer % Correct
Paris France
100%
Berlin Germany
100%
Rome Italy
97%
Tokyo Japan
97%
Mexico City Mexico
97%
Amsterdam Netherlands
97%
Madrid Spain
97%
Stockholm Sweden
97%
Washington Usa
97%
Copenhagen Denmark
94%
London England
94%
New Delhi India
94%
Oslo Norway
94%
Canberra Australia
91%
Beijing China
91%
Edinburgh Scotland
91%
Santiago Chile
89%
Lima Peru
89%
No matching quizzes found
Score Distribution
Percent of People with Each Score
Percentile by Number Answered
Your Score History
You have not taken this quiz